Textbook of field crops production : (Record no. 80986)

MARC details
000 -LEADER
fixed length control field 00648nam a22002057a 4500
005 - DATE AND TIME OF LATEST TRANSACTION
control field 20140303171400.0
010 ## - LCCN (DPL NO)
LC control number ENG-108708
020 ## - INTERNATIONAL STANDARD BOOK NUMBER
Terms of availability 350.00
International Standard Book Number 9788171641161
035 ## - SYSTEM CONTROL NUMBER
System control number EN-92241
037 ## - SOURCE OF ACQUISITION
Source of stock number/acquisition DBAD/PUB
082 ## - DEWEY DECIMAL CLASSIFICATION NUMBER
Classification number 633.0858
245 ## - TITLE STATEMENT
Title Textbook of field crops production :
Statement of responsibility, etc edited by Rajendra Prasad
Remainder of title foodgrain crops /
250 ## - EDITION STATEMENT
Remainder of edition statement rev. ed
260 ## - PUBLICATION, DISTRIBUTION, ETC. (IMPRINT)
Place of publication, distribution, etc New Delhi
Name of publisher, distributor, etc Indian Council Of Agricultural Research
Date of publication, distribution, etc 2012
270 ## - ADDRESS
Address Krishi Anusandhan Bhavan-l
City New Delhi
Postal code 110012
300 ## - PHYSICAL DESCRIPTION
Extent V.I(xii,396p.)
Dimensions 24cm(pbk)
500 ## - GENERAL NOTE
General note Includes index
700 ## - ADDED ENTRY--PERSONAL NAME
Personal name Rajendra Prasad
942 ## - ADDED ENTRY ELEMENTS (KOHA)
Source of classification or shelving scheme Dewey Decimal Classification
Item type English Books
Call number suffix TEX
Classification part 633.0858
Holdings
Withdrawn status Lost status Not for loan Collection code Home library Current library Date acquired Source of acquisition Cost, normal purchase price Full call number Barcode Copy number Cost, replacement price Koha item type
    Not For Loan Non-fiction D.B.Act.Division D.B.Act.Division 03/12/2013 DBAD/PUB 350.00 633.0858 TEX EN-92241 1 350.00 English Books

© Delhi Public Library
Hit Counter
free hit counter